Tuyển tập thiết kế và trang trí sắt - thép - nhôm - inox trong kiến trúc hiện đại The best metal arts and decorations
Αποθηκεύτηκε σε:
| Μορφή: | Βιβλίο |
|---|---|
| Γλώσσα: | Undetermined |
| Έκδοση: |
Tp. HCM
Trẻ
2003
|
| Θέματα: | |
| Ετικέτες: |
Προσθήκη ετικέτας
Δεν υπάρχουν, Καταχωρήστε ετικέτα πρώτοι!
|
| Thư viện lưu trữ: | Trung tâm Học liệu Trường Đại học Cần Thơ |
|---|
| LEADER | 00586nam a2200169Ia 4500 | ||
|---|---|---|---|
| 001 | CTU_56781 | ||
| 008 | 210402s9999 xx 000 0 und d | ||
| 020 | |b 78000 | ||
| 082 | |a 739 | ||
| 082 | |b T527/Vol.2 | ||
| 245 | 0 | |a Tuyển tập thiết kế và trang trí sắt - thép - nhôm - inox trong kiến trúc hiện đại | |
| 245 | 4 | |b The best metal arts and decorations | |
| 260 | |a Tp. HCM | ||
| 260 | |b Trẻ | ||
| 260 | |c 2003 | ||
| 650 | |a art metal-work,steelwork,iron work,aluminum work,inox work | ||
| 980 | |a Trung tâm Học liệu Trường Đại học Cần Thơ | ||